Normal view
MARC view
- Dr. Muhammad Rizwan
Entry Personal Name
001 - CONTROL NUMBER
- control field: 34659
003 - CONTROL NUMBER IDENTIFIER
- control field: NUST
005 - DATE AND TIME OF LATEST TRANSACTION
- control field: 20201028124055.0
008 - FIXED-LENGTH DATA ELEMENTS
- fixed length control field: 201028|| aca||aabn | a|a d
040 ## - CATALOGING SOURCE
- Original cataloging agency: NUST
- Transcribing agency: NUST
100 ## - HEADING--PERSONAL NAME
- Personal name: Dr. Muhammad Rizwan
670 ## - SOURCE DATA FOUND
- Source citation: Work cat.: (NUST): Muhammad Aamar Ayub 34658, SEISMIC VULNERABILITY ASSESSMENT OF REINFORCED CONCRETE BUILDINGS WITH VERTICAL SETBACK IRREGULARITES /
